[Event "AUTO-ADV-1513"]
[Site "http://www.queenalice.com/game.php?id=670560"]
[Date "2009.10.21"]
[Round "1"]
[White "linluciano"]
[Black "amaralch7"]
[Result "1-0"]
[WhiteElo "1826"]
[BlackElo "1817"]

1. e4 g6 2. Nf3 d6 3. Nc3 c6 4. d4 Bg7 5. Bc4 Bg4 6. O-O Nf6 7. e5 dxe5 8. dxe5
Qxd1 9. Rxd1 Nfd7 10. e6 fxe6 11. h3 Bf5 12. Nd4 Bxd4 13. Rxd4 b5 14. Be2 Bxc2
15. b3 e5 16. Rd2 Bf5 17. Bb2 Nc5 18. f4 O-O 19. fxe5 a5 20. a4 Nxb3 21. Rad1
Nxd2 22. Rxd2 Nd7 23. axb5 Nxe5 24. Nd5 cxd5 25. Bxe5 Be4 26. b6 d4 27. Rxd4 Bc6
28. Bc4+ 1-0

[Event "AUTO-ADV-1513"]
[Site "http://www.queenalice.com/game.php?id=670565"]
[Date "2009.10.21"]
[Round "1"]
[White "Viper_SB"]
[Black "linluciano"]
[Result "0-1"]
[WhiteElo "1757"]
[BlackElo "1716"]

1. e4 e5 2. d3 Nf6 3. Nf3 Nc6 4. g3 d5 5. Bg2 dxe4 6. dxe4 Qxd1+ 7. Kxd1 Nxe4 8.
Be3 Bg4 9. Ke2 O-O-O 10. Nc3 f5 11. Rhe1 Bb4 12. a3 Bxf3+ 13. Bxf3 f4 14. Bxf4
exf4 15. Bxe4 Nd4+ 16. Kf1 Bd6 17. Rad1 fxg3 18. hxg3 c5 19. Nd5 Rhf8 20. Bxh7
Bxg3 21. Re3 Bxf2 22. Rh3 Rxd5 23. c3 Be3+ 24. Kg2 Rg5+ 25. Kh1 Nf3 26. Rxf3
Rxf3 27. Kh2 Bf4+ 28. Kh1 Rh3# 0-1

[Event "AUTO-ADV-1513"]
[Site "http://www.queenalice.com/game.php?id=670566"]
[Date "2009.10.21"]
[Round "1"]
[White "linluciano"]
[Black "Viper_SB"]
[Result "1-0"]
[WhiteElo "1734"]
[BlackElo "1739"]

1. e4 e5 2. Nf3 d6 3. d4 c6 4. dxe5 Be6 5. Ng5 g6 6. Qf3 Qd7 7. b3 Bg7 8. Bb2
dxe5 9. Nxe6 Qxe6 10. Bc4 Qd7 11. O-O Nh6 12. h3 O-O 13. Na3 b5 14. Rad1 Qc7 15.
Bxb5 cxb5 16. Nxb5 Qxc2 17. Bc3 Qxa2 18. Nc7 Nc6 19. Nxa8 Rxa8 20. b4 Qe6 21. b5
Ne7 22. Ra1 Nc8 23. Rfd1 Bf8 24. Rd8 Qb6 25. Qd3 f6 26. Ra6 Qc7 27. Bb4 Nf7 28.
Rxf6 Nxd8 29. Rxf8+ Kg7 30. Rxd8 Rb8 31. Rd7+ Qxd7 32. Qxd7+ Kg8 33. Qe8+ Kg7
34. Qf8# 1-0

[Event "AUTO-ADV-1564"]
[Site "http://www.queenalice.com/game.php?id=693846"]
[Date "2009.12.6"]
[Round "1"]
[White "linluciano"]
[Black "Paulsains"]
[Result "0-1"]
[WhiteElo "1858"]
[BlackElo "1889"]

1. e4 e5 2. Nf3 Nf6 3. d4 d6 4. dxe5 Nxe4 5. exd6 Nxd6 6. c4 Be7 7. c5 Ne4 8.
Qxd8+ Bxd8 9. Bd3 Nxc5 10. Bc2 O-O 11. O-O Nc6 12. b3 Bf6 13. Nc3 Bxc3 14. Rb1
Nb4 15. Ba3 b6 16. Rbc1 Nxa2 17. Rcd1 Bf6 18. Rd2 Nc3 19. Rc1 N3e4 20. Bxe4 Nxe4
21. Re2 Nc3 22. Rec2 Rd8 23. g4 Nb5 24. Bb2 Bxb2 25. Rxb2 Bxg4 26. Ne5 h5 27.
Nxg4 hxg4 28. Re2 Nd4 29. Re4 Nxb3 30. Rxc7 Rdc8 31. Ree7 Rxc7 32. Rxc7 a5 33.
Rc6 Rb8 34. Kg2 f5 35. Kg3 Kh7 36. Kh4 Nd4 37. Rc3 Kh6 38. h3 Ne2 39. Re3 g5#
0-1

[Event "AUTO-ADV-1564"]
[Site "http://www.queenalice.com/game.php?id=693847"]
[Date "2009.12.6"]
[Round "1"]
[White "Paulsains"]
[Black "linluciano"]
[Result "0-1"]
[WhiteElo "1866"]
[BlackElo "1808"]

1. e4 e5 2. Nf3 Nc6 3. Bc4 Nf6 4. d3 a6 5. O-O d5 6. exd5 Nxd5 7. Bg5 f6 8. Bh4
g5 9. Bg3 h5 10. h3 g4 11. hxg4 Bxg4 12. Nbd2 h4 13. Bh2 Qd7 14. Qe1 O-O-O 15.
a3 Qg7 16. Qe4 f5 17. Qe1 Bh3 18. g3 hxg3 19. fxg3 Bc5+ 20. Kh1 f4 21. Ne4 fxg3
22. Nxg3 Nf4 23. b4 Bg2# 0-1

[Event "AUTO-ADV-1592"]
[Site "http://www.queenalice.com/game.php?id=705951"]
[Date "2009.12.30"]
[Round "1"]
[White "diego2907"]
[Black "linluciano"]
[Result "1-0"]
[WhiteElo "1819"]
[BlackElo "1778"]

1. e4 d5 2. exd5 Qxd5 3. d4 e5 4. Nc3 Qe6 5. dxe5 Qxe5+ 6. Be3 Bc5 7. Nf3 Qe6 8.
b3 Bxe3 9. fxe3 Qxe3+ 10. Ne2 Bg4 11. h3 Bxf3 12. h4 Bg4 13. Qd5 Nc6 14. Qb5
O-O-O 15. g3 Qc3+ 16. Nxc3 Nd4 17. Qa4 Nxc2+ 18. Kf2 Nxa1 19. Qxa7 Nf6 20. Kg1
c6 21. Rh2 Rhe8 22. Qa8+ Kc7 23. Qa5+ Kb8 24. Na4 Rd5 25. Qc3 1-0

[Event "AUTO-ADV-1592"]
[Site "http://www.queenalice.com/game.php?id=705952"]
[Date "2009.12.30"]
[Round "1"]
[White "linluciano"]
[Black "diego2907"]
[Result "0-1"]
[WhiteElo "1814"]
[BlackElo "1866"]

1. e4 d5 2. Qf3 dxe4 3. Qxe4 Nf6 4. Qe3 a6 5. Nc3 e6 6. Nf3 h6 7. h3 b6 8. Ne5
Bc5 9. Qf3 Ra7 10. b3 Bd4 11. Ng4 Nxg4 12. Qxg4 Qf6 13. Qg3 Bb7 14. Bb2 Ra8 15.
O-O-O Be5 16. Qe3 Nd7 17. g3 Bxh1 18. d4 Bd6 19. d5 e5 20. Ne4 Bxe4 21. Qxe4 Nc5
22. Qe3 O-O 23. f4 exf4 0-1

[Event "AUTO-ADV-1592"]
[Site "http://www.queenalice.com/game.php?id=705963"]
[Date "2009.12.30"]
[Round "1"]
[White "marktwain"]
[Black "linluciano"]
[Result "1-0"]
[WhiteElo "1842"]
[BlackElo "1830"]

1. e4 e5 2. Nf3 Nc6 3. Bc4 Nf6 4. d4 d5 5. exd5 Nxd4 6. Nxd4 exd4 7. Qxd4 b6 8.
O-O Bc5 9. Re1+ Kf8 10. Qh4 Bb7 11. Nc3 Be7 12. Bg5 h6 13. Bxf6 Bxf6 14. Qg3 a6
15. Rad1 b5 16. Bb3 Bxc3 17. Qxc3 Qd6 18. Qg3 Qxg3 19. fxg3 Re8 20. Rf1 c5 21.
dxc6 Bxc6 22. Rxf7+ Kg8 23. Rc7+ Kh7 24. Rxc6 a5 25. c4 a4 26. Bc2+ Kg8 27. Bg6
Rf8 28. cxb5 h5 29. b6 Rh6 30. b7 Rxg6 31. Rxg6 Rb8 32. Rd7 1-0

[Event "AUTO-ADV-1592"]
[Site "http://www.queenalice.com/game.php?id=705964"]
[Date "2009.12.30"]
[Round "1"]
[White "linluciano"]
[Black "marktwain"]
[Result "0-1"]
[WhiteElo "1760"]
[BlackElo "1973"]

1. e4 c5 2. d3 Nc6 3. Nf3 d6 4. d4 Nf6 5. d5 Ne5 6. Nc3 a6 7. Bf4 Bg4 8. h3 Bxf3
9. gxf3 Ng6 10. Bg5 e6 11. h4 Be7 12. f4 h6 13. h5 hxg5 14. fxg5 Nd7 15. hxg6
Rxh1 16. gxf7+ Kf8 17. Qg4 e5 18. O-O-O Bxg5+ 19. Kb1 Qf6 20. Qg2 Rh4 21. Rd3 c4
22. Rf3 Qh6 23. Rg3 Rh2 24. Qf3 Qh5 25. Be2 Rh1+ 26. Nd1 Qxf3 27. Bxf3 Rxd1+ 28.
Bxd1 Bh4 29. Rh3 g5 30. Bh5 Nf6 31. Be2 Kxf7 32. f3 b5 33. c3 Kg6 34. Kc2 a5 35.
b3 Kh5 36. Rh1 Rf8 37. Rf1 Kg6 38. bxc4 bxc4 39. Bxc4 Nh5 40. Be2 Ng3 41. Rf2
Nxe2 42. Rxe2 Rxf3 0-1

[Event "AUTO-ADV-1592"]
[Site "http://www.queenalice.com/game.php?id=705971"]
[Date "2009.12.30"]
[Round "1"]
[White "linluciano"]
[Black "bukbuk"]
[Result "0-1"]
[WhiteElo "1843"]
[BlackElo "2183"]

1. e4 e5 2. Nf3 Nc6 3. d4 exd4 4. Nxd4 Bc5 5. Be3 Bxd4 6. Bxd4 Nf6 7. Qf3 Nxd4
8. Qc3 Ne6 9. Nd2 O-O 10. h3 d5 11. e5 Nd7 12. Nf3 Ng5 13. Be2 c6 14. h4 Ne4 15.
Qe3 Qa5+ 16. c3 Re8 17. b4 Qa3 18. O-O Qxc3 19. Qxc3 Nxc3 20. Bd3 Nxe5 0-1

[Event "AUTO-ADV-1592"]
[Site "http://www.queenalice.com/game.php?id=705972"]
[Date "2009.12.30"]
[Round "1"]
[White "bukbuk"]
[Black "linluciano"]
[Result "1-0"]
[WhiteElo "2185"]
[BlackElo "1841"]

1. e4 e5 2. Bc4 c6 3. Nf3 d5 4. exd5 cxd5 5. Bb3 Nc6 6. d4 e4 7. Ne5 Nxe5 8.
dxe5 Bc5 9. Bxd5 Ne7 10. Bxf7+ Kxf7 11. e6+ Bxe6 12. Qh5+ g6 13. Qxc5 Rc8 14.
Qxa7 Rxc2 15. O-O Qc7 16. Nc3 Qc6 17. Qd4 Rc8 18. Qd1 Rxc3 19. bxc3 Nd5 20. Bd2
1-0